01195nam a2200313 a 450000100100000000500170001000800410002702000150006804000250008304100390010808200180014710000240016524000370018924500850022626000600031130000210037149000340039250000780042653400460050465000220055065000290057265000200060165000250062170000460064683000410069204900090073395201220074299900170086400002223320260417092137.0100920s1995 mx 000 0 spa d a9681646002 aDO-SdBNPbspacBNPHU17aspaheng2Código de idiomas MARC a320.51bR261p1 aRawls, John.94597210aPolitical liberalism.lEspañol10aLiberalismo político /cJohn Rawls ; traducción Sergio René Modero Báez. aMéxico, D. F. :bFondo de Cultura Económica,c1995. a359 p. ;c23 cm.1 aObras de Política y Derecho aPrimera reimpresión de la primera edición en español del año 1995 aTítulo original :tPolitical liberalism 0aLiberalismo95271 4aFormas de gobierno92772 0aLibertad931851 4aNeoliberalismo915311 aModero Báez, Sergio René,etr.945973 0aObras de Política y Derecho945974 aBNGR 001054708MOaGRbGRcCTd2010-09-20iLF1l0o320.51 R261pp22233-10r2020-06-25w2020-06-25y4ZPréstamo en sala c21731d21731